000 01207naa a22003377a 4500
001 BR9401520
003 BR-BrBNA
005 20240918180934.0
007 ta
008 230509b bl.||||| |||| 00| 0 por d
040 _aBR-BrBNA
_bpor
_cBiblioteca Nacional de Agricultura
041 _a(Pt)
072 _aP10
090 _aP10 BR9401520
100 1 _aMontenegro, A.A. de A.
100 1 _aFranca, H.P.
100 1 _aMontenegro, S.M.G.L.
100 1 _aLins Junior, A.R.
100 1 _aGenova, D. de M.
100 1 _aCabral, J.J.S.P.
111 1 _a1. Simposio de Recursos Hidricos do Nordeste
_cRecife, PE (Brazil)
_d25-27 Nov 1992
245 1 _aEstudo de recargas no aquifero beberibe-PE atraves de modelagem numerica
260 3 _aRecife, PE (Brasil):
_c1992.
500 _aAnais do 1. Simposio de Recursos Hidricos do Nordeste Recife, PE (Brasil): 1992. v. 2 p. 105-115 (BR9401520-AM)P10
650 _aAguas Subterraneas
650 _aAbastecimento de Agua
650 _aModelo Matematico
773 0 _tAnais do 1. Simposio de Recursos Hidricos do Nordeste
_wP10 BR9401520
_gRecife, PE (Brasil), 1992. v. 2 p. 105-115
909 _a202404
_bLucia
_c55
_dLucia Elande
942 _cAM
_2AGRIS
999 _c322791
_d322791